Where Did These 2025-2026 Players Play Before Joining Manchester City - Statistics

General Stats
  • This quiz has been taken 26 times
  • The average score is 39 of 48
Answer Stats
Player Nationality Position Year Joined Answer % Correct
Gianluigi Donnarumma Italy GK 2025 PSG
100%
Jack Grealish England FW 2021 Aston Villa
95%
Rúben Dias Portugal DF 2020 Benfica
95%
Erling Haaland Norway FW 2022 Borussia Dortmund
95%
Mateo Kovačić Croatia MF 2023 Chelsea
95%
Spike Brits England GK 2024 Manchester City(Academy)
95%
Max Hudson Wales GK 2025 Manchester City(Academy)
95%
Jahmai Simpson-Pusey England DF 2024 Manchester City(Academy)
95%
Max Alleyne England DF 2023 Manchester City(Academy)
95%
Finley Burns England DF 2021 Manchester City(Academy)
95%
Josh Wilson-Esbrand England DF 2021 Manchester City(Academy)
95%
Rico Lewis England DF 2022 Manchester City(Academy)
95%
Nico O'Reilly England DF 2024 Manchester City(Academy)
95%
Stephen Mfuni England DF 2025 Manchester City(Academy)
95%
Luke Mbete England DF 2021 Manchester City(Academy)
95%
Kaden Braithwaite England DF 2025 Manchester City(Academy)
95%
Phil Foden England MF 2016 Manchester City(Academy)
95%
Ryan McAidoo England FW 2025 Manchester City(Academy)
95%
Jaden Heskey England FW 2025 Manchester City(Academy)
95%
Reigan Heskey England FW 2025 Manchester City(Academy)
95%
James Trafford England GK 2021/2025 Manchester City(Academy),Burnley
95%
Rodri Spain MF 2019 Atlético Madrid
90%
Manuel Akanji Switzerland DF 2022 Borussia Dortmund
90%
Omar Marmoush Egypt FW 2025 Eintracht Frankfurt
90%
Kalvin Phillips England MF 2022 Leeds United
90%
Rayan Cherki France FW 2025 Lyon
90%
Divine Mukasa England MF 2024 Manchester City(Academy)
90%
Oscar Bobb Norway FW 2023 Manchester City(Academy)
90%
Joško Gvardiol Croatia DF 2023 RB Leipzig
90%
Rayan Aït-Nouri Algeria DF 2025 Wolverhampton Wanderers
90%
Matheus Nunes Portugal MF 2023 Wolverhampton Wanderers
90%
Tijjani Reijnders Netherlands MF 2025 AC Milan
86%
Bernardo Silva Portugal MF 2017 AS Monaco
86%
Nathan Aké Netherlands DF 2020 Bournemouth
81%
John Stones England DF 2016 Everton
81%
Mahamadou Susoho Spain MF 2023 Manchester City(Academy)
76%
Nico González Spain MF 2025 Porto
76%
Claudio Echeverri Argentina FW 2024 River Plate
76%
Marcus Bettinelli England GK 2025 Chelsea
67%
Abdukodir Khusanov Uzbekistan DF 2025 RC Lens
67%
Jérémy Doku Belgium FW 2023 Rennes
62%
Divin Mubama England FW 2024 West Ham United
52%
Vitor Reis Brazil DF 2025 Palmeiras
48%
Savinho Brazil FW 2024 Troyes
48%
Stefan Ortega Germany GK 2022 Arminia Bielefeld
33%
Sverre Nypan Norway MF 2025 Rosenborg
19%
Juma Bah Sierra Leone DF 2025 Real Valladolid
14%
Issa Kaboré Burkina Faso DF 2020 KV Mechelen
5%
No matching quizzes found
Score Distribution
Percent of People with Each Score
Percentile by Number Answered
Your Score History
You have not taken this quiz